| 000 | 00980nam a2200253 a 4500 | ||
|---|---|---|---|
| 001 | 000016287 | ||
| 005 | 20240404094740.0 | ||
| 008 | 100303s1997 dr a r 001 0 spa d | ||
| 040 |
_aDO-SdBNP _bspa _cBNPHU |
||
| 082 |
_a079.7293 _bC957h |
||
| 100 | 1 |
_aCruz Sánchez, Filiberto _913112 |
|
| 245 | 1 | 0 |
_aHistoria de los medios de comunicación en República Dominicana / _cFiliberto Cruz Sánchez. |
| 250 | _a2a ed. corr. y amp. | ||
| 260 |
_aSanto Domingo : _bEl Nuevo Diario, _c1997. |
||
| 300 |
_a303 p. : _bil. ; _c21 cm. |
||
| 500 | _aIncluye referencias bibliográficas y notas al pie de las páginas | ||
| 504 | _aBibibliografía : p. 219-222 | ||
| 590 | _aInventariado,2018/DG | ||
| 650 | 4 |
_aPrensa _zRepública Dominicana _xHistoria _986 |
|
| 650 | 4 |
_aPolítica y prensa _936368 |
|
| 650 | 4 |
_aMedios de comunicación de masas _xAspectos políticos _936369 |
|
| 650 | 4 |
_aImprenta _xHistoria _zRepública Dominicana _936370 |
|
| 910 | _aValidado. Control de caliad. MMOLINA | ||
| 999 |
_c15822 _d15822 |
||